000 00868cab a2200217 4500
001 L136295
008 070123n2007 000 0 eng u
035 _a(Sirsi) u136295
041 0 _aeng
100 1 _aBayley, Carl
245 0 0 _aInheritance tax
_bthe final pound of flesh
260 _c2007
490 0 _aLetting Update Journal
_v14(1) January 2007, 22-24(3)
520 _aExplains inheritance tax, the amounts payable and who is exempt. Discusses how those who inherit money can pay off tax bills in yearly instalments, ensuring that they do not have to sell off property. Discusses deeds of variation, business property relief and trusts.
590 _aKA
650 2 4 _aSTAMP DUTY LAND TAX
650 2 4 _aINHERITANCE TAX
651 4 _aEngland and Wales
_y1543-
690 _aPROPERTY-PROPERTY VALUATION AND APPRAISAL-INHERITANCE VALUATION
942 _n0
999 _c78237
_d78237